| 000 | 00688nam a2200229 i 4500 | ||
|---|---|---|---|
| 001 | bgj | ||
| 100 | 1 | _aKÖHLER, Klaus. | |
| 245 | 1 | 0 |
_aDeutsche verbale Wendungen füer Ausländer : _beine Auswahl mit Beispielen und Übungen / _cKlaus Köhler ; Annelies Herzog ; Waltraud Kursitza. |
| 250 | _a4. Aufl. | ||
| 260 |
_aLeipzig : _bVerlag Enzyklopädie, _c1989. |
||
| 300 |
_a176, [1] s. ; _c22 cm. |
||
| 650 | 9 |
_aJęzyk niemiecki _xpodręczniki |
|
| 700 | 1 | _aHERZOG, Annelies. | |
| 700 | 1 | _aKURSITZA, Waltraud. | |
| 020 | _a3324002796 | ||
| 040 | _cBPK | ||
| 041 | 0 | _ager | |
| 044 | _aDEU | ||
| 080 | _a811.112.2(07) | ||
| 942 | _cKS | ||
| 008 | s gw f |000 0 ger | ||
| 999 |
_c51018 _d51018 |
||
| 856 |
_uhttp://koha.tu.koszalin.pl/cgi-bin/koha/opac-detail.pl?biblionumber=51018 _yKatalog online BPK |
||